Loading...
| Current Events | 2 | 25.00 | 100% | 100% | 50% |
| Fine Arts - Auditory Fine Arts | 5 | 4.00 | 40% | 0% | 0% |
| Fine Arts - Other Fine Arts | 1 | 0.00 | 0% | 0% | 0% |
| Fine Arts - Visual Fine Arts | 3 | 6.67 | 67% | 0% | 0% |
| Geography | 1 | 20.00 | 100% | 100% | 0% |
| History - American History | 4 | 15.00 | 100% | 25% | 25% |
| History - European History | 2 | 10.00 | 100% | 0% | 0% |
| History - Other History | 2 | 10.00 | 100% | 0% | 0% |
| History - World History | 5 | 14.00 | 100% | 20% | 20% |
| Literature - American Literature | 5 | 12.00 | 100% | 20% | 0% |
| Literature - British Literature | 4 | 7.50 | 75% | 0% | 0% |
| Literature - European Literature | 3 | 6.67 | 67% | 0% | 0% |
| Literature - World Literature | 4 | 10.00 | 50% | 50% | 0% |
| Mythology | 2 | 15.00 | 100% | 50% | 0% |
| Philosophy | 4 | 12.50 | 100% | 25% | 0% |
| Pop Culture | 3 | 20.00 | 100% | 67% | 33% |
| Religion | 3 | 10.00 | 67% | 33% | 0% |
| Science - Biology | 3 | 13.33 | 100% | 33% | 0% |
| Science - Chemistry | 2 | 5.00 | 50% | 0% | 0% |
| Science - Other Science | 5 | 10.00 | 80% | 20% | 0% |
| Science - Physics | 2 | 10.00 | 100% | 0% | 0% |
| Social Science | 4 | 7.50 | 75% | 0% | 0% |